Normal view MARC view
  • Architecture, Renaissance

Entry Topical Term

Number of records used in: 1

001 - CONTROL NUMBER

  • control field: 32073

003 - CONTROL NUMBER IDENTIFIER

  • control field: NUST

005 - DATE AND TIME OF LATEST TRANSACTION

  • control field: 20201019100219.0

008 - FIXED-LENGTH DATA ELEMENTS

  • fixed length control field: 201019|| aca||aabn | a|a d

040 ## - CATALOGING SOURCE

  • Original cataloging agency: NUST
  • Transcribing agency: NUST

150 ## - HEADING--TOPICAL TERM

  • Topical term or geographic name entry element: Architecture, Renaissance

670 ## - SOURCE DATA FOUND

  • Source citation: Work cat.: (NUST)126: Benevolo, Leonardo. 32072, The architecture of the Renaissance / Vol.1, 2002-
© 2023 Central Library, National University of Sciences and Technology. All Rights Reserved.